Suomen kunnat, joiden nimessä on Ö - Statistics

Yleistilastot
  • Tätä visaa on pelattu 132 kertaa
  • Keskiarvotulos 13 / 17
Vastaustilastot
Maakunta Kunta % Oikein
Ahvenanmaa Eckerö
95%
Lappi Enontekiö
92%
Ahvenanmaa Brändö
84%
Ahvenanmaa Föglö
84%
Ahvenanmaa Vårdö
81%
Pirkanmaa Ylöjärvi
81%
Ahvenanmaa Finström
78%
Pohjanmaa Vöyri
78%
Pohjanmaa Pedersören kunta
77%
Varsinais-Suomi Pöytyä
75%
Pohjanmaa Närpiö
73%
Ahvenanmaa Kökar
70%
Pirkanmaa Hämeenkyrö
67%
Varsinais-Suomi Kemiönsaari
67%
Etelä-Pohjanmaa Isokyrö
63%
Päijät-Häme Kärkölä
60%
Pirkanmaa Kihniö
53%
Ehtoja vastaavia visoja ei löytynyt
Tulosjakauma
Jokaisen tuloksen saaneiden osuus
Persentiili vastausten määrän mukaan
Tuloshistoriasi
Et ole pelannut tätä visaa